000 00587nam a2200229Ia 4500
005 20241216010250.0
008 180423s9999||||xx |||||||||||||| ||und||
020 _a84-85855-70-1
082 _a338.5
_bV33
100 _aVARIAN, HAL R.
245 0 _aMICROECONOMIA INTERMEDIA
_bUN ENFOQUE MODERNO
250 _a3
260 _aBARCELONA-ESPAÑA
_bANTONI BOSCH
_c1994
300 _a688 pag.
_c23.5 cm
341 _h0
490 _v0
_a0
505 _aMERCADO/PREFERENCIAS/DEMANDA
541 _aC
_d05-Oct-04
650 _a19319CIENCIAS SOC
856 _zHumanidades
942 _cLIBRO
999 _c9874
_d9874